Imperial science and national survival

Gespeichert in:
Bibliographische Detailangaben
1. Verfasser: Montgomery, David
Format: Buch
Sprache:Undetermined
Veröffentlicht: New York Colorado Associated University Press 1981
Schlagworte:
Tags: Tag hinzufügen
Keine Tags, Fügen Sie den ersten Tag hinzu!
Thư viện lưu trữ: Trung tâm Học liệu Trường Đại học Cần Thơ
LEADER 00545nam a2200193Ia 4500
001 CTU_80089
008 210402s9999 xx 000 0 und d
082 |a 306 
082 |b M787 
100 |a Montgomery, David 
245 0 |a Imperial science and national survival 
245 0 |c David Montgomery 
260 |a New York 
260 |b Colorado Associated University Press 
260 |c 1981 
650 |a Science,Social aspects 
650 |z United stated 
904 |i Trọng Hải 
980 |a Trung tâm Học liệu Trường Đại học Cần Thơ